LEADER 02446nam 2200625 450 001 9910464774103321 005 20200909225244.0 010 $a3-11-085873-8 024 7 $a10.1515/9783110858730 035 $a(CKB)3390000000033697 035 $a(EBL)3045025 035 $a(OCoLC)922947997 035 $a(SSID)ssj0001042476 035 $a(PQKBManifestationID)11577330 035 $a(PQKBTitleCode)TC0001042476 035 $a(PQKBWorkID)11049293 035 $a(PQKB)10420202 035 $a(MiAaPQ)EBC3045025 035 $a(DE-B1597)54861 035 $a(OCoLC)853252247 035 $a(OCoLC)857769510 035 $a(DE-B1597)9783110858730 035 $a(Au-PeEL)EBL3045025 035 $a(CaPaEBR)ebr10802294 035 $a(EXLCZ)993390000000033697 100 $a19910312d1991 uy| 0 101 0 $aeng 135 $aur|n|---||||| 181 $ctxt 182 $cc 183 $acr 200 14$aThe book of Job as sceptical literature /$fKatharine J. Dell 205 $aReprint 2013 210 1$aBerlin ;$aNew York :$cDe Gruyter,$d1991. 215 $a1 online resource (269 p.) 225 1 $aBeihefte zur Zeitschrift fu?r die alttestamentliche Wissenschaft,$x0934-2575 ;$vBand 197 300 $aRevision of the author's thesis (doctoral)--Oxford University, 1988. 311 $a3-11-187694-2 311 $a3-11-012554-4 320 $aIncludes bibliographical references (pages [220]-246) and indexes. 327 $tFrontmatter -- $tPreface -- $tTable of Contents -- $tIntroduction: 'SCEPTICISM' AS A DESCRIPTION OF JOB -- $tChapter 1. TRADITIONAL AND CRITICAL INTERPRETATIONS OF THE MESSAGE OF JOB -- $tChapter 2. THE QUEST FOR AN OVERALL CLASSIFICATION FOR JOB -- $tChapter 3. A FORM-CRITICAL APPROACH TO JOB -- $tChapter 4. THE 'SCEPTICAL' SETTING, CONTENT AND STRUCTURE OF JOB -- $tConclusion -- $tAbbreviations -- $tBibliography -- $tIndices -- $t Backmatter 410 0$aBeihefte zur Zeitschrift fu?r die alttestamentliche Wissenschaft ;$v197. 606 $aSkepticism$xBiblical teaching 608 $aElectronic books. 615 0$aSkepticism$xBiblical teaching. 676 $a221.6 s 676 $a223/.1066 700 $aDell$b Katharine J$g(Katharine Julia),$f1961-$0936463 801 0$bMiAaPQ 801 1$bMiAaPQ 801 2$bMiAaPQ 906 $aBOOK 912 $a9910464774103321 996 $aThe book of Job as sceptical literature$92459531 997 $aUNINA LEADER 02646nam 2200577 a 450 001 9911020181603321 005 20200520144314.0 010 $a1-118-62126-3 010 $a1-299-31550-X 010 $a1-118-62127-1 035 $a(CKB)2560000000100631 035 $a(EBL)1143630 035 $a(MiAaPQ)EBC1143630 035 $a(OCoLC)830161627 035 $a(EXLCZ)992560000000100631 100 $a20100429d2010 uy 0 101 0 $aeng 135 $aur|n|---||||| 181 $ctxt$2rdacontent 182 $cc$2rdamedia 183 $acr$2rdacarrier 200 00$aMechanical characterization of materials and wave dispersion $einstrumentation and experiment interpretation /$fedited by Yvon Chevalier, Jean Tuong Vinh 210 $aLondon, U.K. $cISTE ;$aHoboken, N.J. $cWiley$d2010 215 $a1 online resource (492 p.) 225 1 $aISTE 300 $aDescription based upon print version of record. 311 $a1-84821-193-7 320 $aIncludes bibliographical references and index. 327 $apt. I. Mechanical and electronic instrumentation -- pt. II. Realization of experimental set-ups and interpretation of measurements. 330 $aOver the last 50 years, the methods of investigating dynamic properties have resulted in significant advances. This book explores dynamic testing, the methods used, and the experiments performed, placing a particular emphasis on the context of bounded medium elastodynamics. Dynamic tests have proven to be as efficient as static tests and are often easier to use at lower frequency. The discussion is divided into four parts. Part A focuses on the complements of continuum mechanics. Part B concerns the various types of rod vibrations: extensional, bending, and torsional. Part C is devoted to mech 410 0$aISTE 606 $aMaterials$xMechanical properties$xExperiments 606 $aStructural engineering$xMaterials$xExperiments 606 $aWave-motion, Theory of$xExperiments 606 $aDispersion$xExperiments 606 $aEngineering instruments 615 0$aMaterials$xMechanical properties$xExperiments. 615 0$aStructural engineering$xMaterials$xExperiments. 615 0$aWave-motion, Theory of$xExperiments. 615 0$aDispersion$xExperiments. 615 0$aEngineering instruments. 676 $a620.1/1292 701 $aChevalier$b Yvon$01838756 701 $aVinh$b Jean Tuong$0884192 801 0$bMiAaPQ 801 1$bMiAaPQ 801 2$bMiAaPQ 906 $aBOOK 912 $a9911020181603321 996 $aMechanical characterization of materials and wave dispersion$94420936 997 $aUNINA